101 nejkrásnějších domovních znamení Prahy /

Hlavní autor: Thomová, Soňa, 1947-
Další autoři: Antonín, Martina D., 1978-, Thoma, Michal, 1979-, Thoma, Zdeněk, 1938-
Jazyk: Čeština
Vydáno: Praha : Beta, 2009
Vydání: 1. vyd.
Edice: Má vlast (Beta-Dobrovský)
Témata:
Externí odkaz: Digitalizovaný dokument
Fyzický popis: 215 s. : barev. il. ; 31 cm
Knihy
Uloženo v:
LEADER 01868nam a2200493 a 4500
001 nkc20092009560
003 CZ PrNK
005 20170303235013.0
007 ta
008 091105s2009 xr a e 001 0 cze
015 |a cnb002009560 
020 |a 978-80-7306-384-9  |q (váz.) 
035 |a (OCoLC)505914536 
040 |a OLA001  |b cze  |d ABA001 
043 |a e-xr---  |b e-xr-pg  |2 czenas 
072 7 |a 929.5/.9  |x Genealogie. Heraldika. Šlechta. Vlajky  |2 Konspekt  |9 8 
080 |a 929.624.8  |2 MRF 
080 |a (437.311)  |2 MRF 
080 |a (084.12)  |2 MRF 
100 1 |a Thomová, Soňa,  |d 1947-  |7 jn19981228119  |4 aut 
245 1 0 |a 101 nejkrásnějších domovních znamení Prahy /  |c Soňa Thomová, Martin D. Antonín ; fotografie Michal a Zdeněk Thomovi 
246 3 |a Sto jedna nejkrásnějších domovních znamení Prahy 
250 |a 1. vyd. 
260 |a Praha :  |b Beta,  |c 2009 
300 |a 215 s. :  |b barev. il. ;  |c 31 cm 
490 1 |a Má vlast 
500 |a Obsahuje rejstřík 
650 0 7 |a domovní znamení  |7 ph119546  |z Česko  |2 czenas 
650 0 9 |a house marks  |z Czechia  |2 eczenas 
651 7 |a Praha (Česko)  |7 ge118011  |2 czenas 
651 9 |a Prague (Czechia)  |2 eczenas 
655 7 |a fotografické publikace  |7 fd132276  |2 czenas 
655 9 |a photographical works  |2 eczenas 
700 1 |a Antonín, Martina D.,  |d 1978-  |7 xx0010114  |4 aut 
700 1 |a Thoma, Michal,  |d 1979-  |7 xx0003881  |4 pht 
700 1 |a Thoma, Zdeněk,  |d 1938-  |7 jk01132349  |4 pht 
830 0 |a Má vlast (Beta-Dobrovský)  |0 s 
856 4 1 |u http://www.digitalniknihovna.cz/mzk/uuid/uuid:832035f0-e6ee-11e6-8a71-005056827e52  |y Digitalizovaný dokument  |x NDK 
910 2 |a BOA001  |b 4-1235.364 
928 9 |a Pavel Dobrovský - Beta 
990 |a BK 
995 |a 01 
991 |b 201001  |c NOV 
996 6 |b 2610405569  |c 4-1235.364  |l MZK  |r Sklad / do 1 hodiny  |n 1  |p p.v.  |w 001102903  |u 000010  |a 1  |e BOA001  |j MZK50  |s P